01306nam a2200325 a 4500001001000000003000500010005001700015008004100032010001100073011001100084040000900095090001000104100003700114245017600151260004100327500006000368502007700428590004100505590004000546590004000586650004700626650003200673650003200705856007000737901000700807942001000814942000600824999001900830952013100849000115449CHAP20220329144535.0190523s2018 mx a |sm |||||||spa d a111910 a112882 cCHAP aTesis1 aMonroy González, Isai.913573110aEvaluación del desarrollo de brotes etiolados de aguacate (persea americana Mill.) variedad don cris en cámaras individualesh[En línea]cpor Isai Monroy González. aChapingo, Méx. :bEl autor,c2018. aPara ver el contenido del material haga clic en la liga aTesis (Ing. Agr. Esp. en Fitotecnia) -- UACH. Departamento de Fitotecnia aBATCH-UPDb05c20190523lUCH01h1525 aE6339RRRb05c20190523lUCH01h1524 aE6339RRRb05c20190523lUCH01h152414aAguacatexEfecto del medio ambiente.9250614aAguacatexGenética.9251814aAguacatexVariedades.92559 aFinding aiduhttp://10.13.5.2/tesis/sist115449.pdfzTeclea aquí aBK cTESIS n0 c111910d111910 00104054718TESISaBCbBCd2019-05-23fTESISl0oTesisp115459-10r2019-12-31 00:00:00w2019-12-31yTESISzRecien adquirido